| 000 | 00477nam a22001577a 4500 | ||
|---|---|---|---|
| 003 | NUST | ||
| 038 | _aNusrat Nadeem | ||
| 082 | _a200 | ||
| 100 |
_aAdnan _929039 |
||
| 245 |
_aInternational Study Tour Report (University of Southampton, Malaysia)/ _cAdnan |
||
| 264 |
_aIslamabad: _bNBS NUST. _c2025. |
||
| 650 |
_aExecutive MBA _9125080 |
||
| 700 |
_aSupervisor: Dr. Fawad Khan _9126061 |
||
| 856 | _u http://10.250.8.41:8080/xmlui/handle/123456789/56843 | ||
| 942 |
_2ddc _cSC |
||
| 999 |
_c615486 _d615486 |
||